书目信息 |
| 题名: |
学校人员评价
|
|
| 作者: | 肖远军 著 | |
| 分册: | ||
| 出版信息: | 沈阳 辽宁人民出版社 1999 |
|
| 页数: | 286页 | |
| 开本: | 20cm | |
| 丛书名: | 面向新世纪中小学干部教育丛书 | |
| 单 册: | ||
| 中图分类: | G449 , G471 , G4 | |
| 科图分类: | ||
| 主题词: | 学生--评价 , 学生 , 教师--评价 , 教师 , 学校管理--管理人员--评价 , 学校管理 , 管理人员 , 教育 | |
| 电子资源: | ||
| ISBN: | 7-205-04595-9 | |
| 000 | 00873oam2 2200337 450 | |
| 001 | 1534454821 | |
| 005 | 20151110150227.34 | |
| 010 | @a7-205-04595-9@dCNY16.00 | |
| 100 | @a19991206d1999 emky0chiy0110 ea | |
| 101 | 0 | @achi |
| 102 | @aCN@b210000 | |
| 105 | @ay z 000yy | |
| 200 | 1 | @a学校人员评价@9xue xiao ren yuan ping jia@f肖远军等著 |
| 210 | @a沈阳@c辽宁人民出版社@d1999 | |
| 215 | @a286页@d20cm | |
| 225 | 2 | @a面向新世纪中小学干部教育丛书 |
| 461 | 0 | @12001 @a面向新世纪中小学干部教育丛书 |
| 606 | 0 | @a学生@x评价 |
| 606 | 0 | @a学生 |
| 606 | 0 | @a教师@x评价 |
| 606 | 0 | @a教师 |
| 606 | 0 | @a学校管理@x管理人员@x评价 |
| 606 | 0 | @a学校管理 |
| 606 | 0 | @a管理人员 |
| 606 | 0 | @a教育 |
| 690 | @aG449@v5 | |
| 690 | @aG471@v5 | |
| 690 | @aG4@v4 | |
| 701 | 0 | @a肖远军@9xiao yuan jun@4著 |
| 801 | 0 | @aCN@bTSSF@c20150206 |
| 905 | @aZUCC@dG4@eJY489 | |
| 学校人员评价/肖远军等著.-沈阳:辽宁人民出版社,1999 |
| 286页;20cm.-(面向新世纪中小学干部教育丛书) |
| ISBN 7-205-04595-9:CNY16.00 |
| ● |
| 相关链接 |
|
|
|
|
正题名:学校人员评价
索取号:G4/JY489
 
预约/预借
| 序号 | 登录号 | 条形码 | 馆藏地/架位号 | 状态 | 备注 |
| 1 | 7866002 | 278660021 | 学院路分馆/ [索取号:G4/JY489] | 在馆 |